[Event "Let's Play Chess!"]
[Site "http://www.queenalice.com/game.php?id=44913"]
[Date "2005.12.23"]
[Round "-"]
[White "danielz"]
[Black "Edgar"]
[Result "0-1"]
[WhiteElo "1100"]
[BlackElo "1675"]

1. e3 e5 2. Nf3 Nc6 3. c3 e4 4. Ng5 Nf6 5. Qb3 d5 6. d4 exd3 7. Bxd3 Ne5 8. Be2
c6 9. a4 h6 10. Nd2 Bd6 11. e4 Nxe4 12. Ndxe4 dxe4 13. Bh5 O-O 14. f3 Nd3+ 15.
Kd2 Qxg5+ 16. Kd1 Qxg2 17. Qc2 Qxh1+ 18. Ke2 Qe1# 0-1

[Event "AUTO-OPEN-197"]
[Site "http://www.queenalice.com/game.php?id=45175"]
[Date "2005.12.24"]
[Round "1"]
[White "shogun"]
[Black "danielz"]
[Result "1-0"]
[WhiteElo "1718"]
[BlackElo "1259"]

1. e4 Nf6 2. e5 Ng8 3. d4 d5 4. Bd3 h5 5. Nf3 Nc6 6. c3 e6 7. Bg5 f6 8. Bg6+ Ke7
9. Bh4 Rh6 10. Qd3 Kd7 11. exf6 gxf6 12. Ne5+ Nxe5 13. dxe5 Qe7 14. exf6 Nxf6
15. Bg5 b6 16. Bxh6 Bxh6 17. Nd2 Bg5 18. g3 a5 19. f4 Ba6 20. Qd4 Bh6 21. O-O-O
Qg7 22. Nf3 Be2 23. Ne5+ Ke7 24. Rde1 Bb5 25. Kb1 c5 26. Qd1 h4 27. Qb3 hxg3 28.
hxg3 Ne4 29. Qxb5 Qxe5 30. fxe5 Nd2+ 31. Kc2 Rf8 32. Rxh6 Nc4 33. Rh7+ Kd8 34.
Qd7# 1-0

[Event "AUTO-OPEN-197"]
[Site "http://www.queenalice.com/game.php?id=45195"]
[Date "2005.12.24"]
[Round "1"]
[White "Marcelo"]
[Black "danielz"]
[Result "1-0"]
[WhiteElo "1653"]
[BlackElo "1415"]

1. d4 Nf6 2. Bf4 Nc6 3. Nc3 h5 4. Nb5 Nd5 5. Bg3 d6 6. e3 Qd7 7. h3 Ncb4 8. a3
a6 9. axb4 axb5 10. Rxa8 Nb6 11. Ra5 Qc6 12. Bxb5 Bg4 13. hxg4 Nd7 14. Bxc6 e5
15. dxe5 bxc6 16. gxh5 dxe5 17. Bxe5 Nxe5 18. Ra8+ Ke7 19. Qd8+ Ke6 20. Nf3
Bxb4+ 21. c3 Rxd8 22. Rxd8 Be7 23. Rg8 Nd3+ 24. Kd2 Nxf2 25. Ra1 Ne4+ 26. Kc2
Kf5 27. Rxg7 Kf6 28. Rg4 Nf2 29. Rg3 Ne4 30. Rh3 Bc5 31. Nd4 Kg7 32. Nxc6 Nf2
33. Rh4 Bxe3 34. Re1 Bg5 35. Rh2 Ng4 36. Rh3 Nf2 37. Rg3 Nh3 38. Rxh3 Kf6 39. h6
Kg6 40. h7 f5 41. h8=Q Kf7 42. Rh7+ Kg6 43. Qg7# 1-0

[Event "AUTO-OPEN-197"]
[Site "http://www.queenalice.com/game.php?id=45196"]
[Date "2005.12.24"]
[Round "1"]
[White "danielz"]
[Black "Marcelo"]
[Result "1-0"]
[WhiteElo "1241"]
[BlackElo "1586"]

1. Nf3 d5 2. h4 Nc6 3. Nc3 Bf5 4. e4 dxe4 5. Qe2 exf3 6. Qxf3 e6 7. d4 Nxd4 8.
Bb5+ c6 9. Qh5 Nxc2+ 10. Ke2 Qd3+ 11. Bxd3 Nd4+ 12. Ke3 Nf6 13. Qd1 Nb5 14. Nxb5
Bxd3 15. Nc7+ 1-0

[Event "Challenge"]
[Site "http://www.queenalice.com/game.php?id=46269"]
[Date "2006.1.3"]
[Round "-"]
[White "danielz"]
[Black "cipripereira"]
[Result "0-1"]
[WhiteElo "1259"]
[BlackElo "1553"]

1. d4 e6 2. e4 Nf6 3. Nc3 g6 4. e5 Nd5 5. Nf3 Nc6 6. Ne4 d6 7. c4 Nb6 8. Bg5 f6
9. Bxf6 Be7 10. c5 O-O 11. Bg5 Bxg5 12. Nexg5 dxc5 13. dxc5 Nd5 14. Bc4 Ncb4 15.
Nd4 Qxg5 16. Qd2 Qxg2 17. O-O-O Rxf2 18. Qg5 Rc2+ 19. Nxc2 Qxc2# 0-1

[Event "tupiniquim"]
[Site "http://www.queenalice.com/game.php?id=48249"]
[Date "2006.1.17"]
[Round "-"]
[White "valdir"]
[Black "danielz"]
[Result "1-0"]
[WhiteElo "1723"]
[BlackElo "1403"]

1. b3 d5 2. Bb2 e5 3. Bxe5 Nc6 4. Bc3 Nf6 5. e3 Bb4 6. a3 Bg4 7. Be2 Ba5 8. Bxg4
h5 9. Bf5 g6 10. Bxa5 Nxa5 11. Bd3 Ng4 12. Bb5+ c6 13. Be2 Qf6 14. Bxg4 Qxa1 15.
Bf3 O-O-O 16. c3 Qb2 17. b4 Nb3 18. Ne2 Na1 19. Nd4 c5 20. bxc5 Qa2 21. Be2 b5
22. Bxb5 Kb7 23. O-O a6 24. Bc6+ Kc7 25. Ba4 Rb8 26. Qc1 Qc4 27. Bc2 Qxc5 28.
Bxg6 Qf8 29. a4 Rh6 30. Bd3 Qg7 31. Qa3 h4 32. Nf5 h3 33. Nxg7 Rg8 34. g3 Rb8
35. Qxa1 Rg8 36. Nf5 Kc6 37. Nxh6 Rh8 38. Nxf7 Rf8 39. Ne5+ Kd6 40. Qa3+ Kxe5
41. Qxf8 d4 42. cxd4+ Kd5 43. Qd8+ Kc6 44. Rc1+ Kb7 45. Be4+ Ka7 46. Qc7# 1-0

[Event "Challenge"]
[Site "http://www.queenalice.com/game.php?id=49770"]
[Date "2006.1.28"]
[Round "-"]
[White "danielz"]
[Black "Rafale2000"]
[Result "0-1"]
[WhiteElo "1403"]
[BlackElo "1660"]

1. d4 Nf6 2. Nc3 d5 3. Nf3 Bg4 4. Nb5 a6 5. Nc3 e6 6. a4 Bb4 7. Qd3 Nc6 8. Qe3
Ne4 9. Ng5 Qxg5 10. Qxg5 Nxg5 11. Bxg5 Nxd4 12. Rd1 c5 13. f3 Bh5 14. g4 Bg6 15.
Kf2 O-O 16. Na2 Nxc2 17. Nc1 b5 18. h4 h6 19. e4 hxg5 20. Rh2 dxe4 21. Bc4 bxc4
22. h5 e3+ 23. Ke2 Bh7 24. h6 Rad8 25. Rdh1 Rd2+ 26. Kf1 Rd1+ 27. Kg2 Rxh1 28.
hxg7 Rxh2+ 29. Kxh2 Kxg7 30. Ne2 Nd4 31. Ng3 Nxf3+ 32. Kg2 Nh4+ 33. Kh2 Rd8 34.
Kh3 Rd1 35. Nh5+ Kg6 36. Kg3 Rg1+ 37. Kh2 Nf3+ 38. Kh3 e2 39. Ng3 e1=Q 40. Nh5
Qh4# 0-1

[Event "Challenge"]
[Site "http://www.queenalice.com/game.php?id=51142"]
[Date "2006.2.4"]
[Round "-"]
[White "danielz"]
[Black "Catao"]
[Result "0-1"]
[WhiteElo "1428"]
[BlackElo "1603"]

1. d4 d5 2. Nf3 Nf6 3. g4 Bxg4 4. Nc3 Bxf3 5. exf3 e6 6. Bg5 Be7 7. Nb5 a6 8.
Nc3 Nh5 9. Be3 Nf6 10. Ne2 Nbd7 11. Qd3 c5 12. Qd2 b5 13. Rg1 g6 14. Bg2 Qc7 15.
Bh3 c4 16. Bf4 Bd6 17. Bh6 Bxh2 18. Bg7 Rg8 19. Qh6 Bxg1 20. Nxg1 Qd6 0-1

[Event "Challenge"]
[Site "http://www.queenalice.com/game.php?id=52750"]
[Date "2006.2.13"]
[Round "-"]
[White "Mayaune"]
[Black "danielz"]
[Result "1-0"]
[WhiteElo "1644"]
[BlackElo "1388"]

1. e4 Nf6 2. e5 Ne4 3. d3 Nc5 4. Be3 e6 5. Nf3 a5 6. Bxc5 Bxc5 7. Nbd2 g5 8. Ne4
Ba7 9. Nexg5 c6 10. h4 h6 11. Ne4 d5 12. Nf6+ Kf8 13. d4 Nd7 14. Nh5 Nxe5 15.
Nxe5 Qb6 16. Qf3 f6 17. Qxf6+ Ke8 18. Ng7# 1-0

[Event "Challenge"]
[Site "http://www.queenalice.com/game.php?id=53057"]
[Date "2006.2.14"]
[Round "-"]
[White "rbaraldi"]
[Black "danielz"]
[Result "1-0"]
[WhiteElo "1488"]
[BlackElo "1374"]

1. e4 Nc6 2. d4 Nf6 3. e5 Ng4 4. Qxg4 e6 5. c3 h5 6. Qf3 d5 7. Nh3 f6 8. exf6
gxf6 9. Bb5 Bh6 10. O-O e5 11. dxe5 Bg4 12. Qxf6 Qxf6 13. exf6 d4 14. c4 O-O-O
15. Nf4 Ne5 16. g3 c6 17. Ba4 Rhe8 18. c5 Bh3 19. Rd1 Nf3+ 20. Kh1 Re2 21. Nxe2
Rg8 22. Bxh6 h4 23. Nxd4 hxg3 24. fxg3 Ne5 25. Bg7 Nf3 26. Nxf3 Bg4 27. Rd3 b5
28. Bb3 Bf5 29. Rd6 Be4 30. Bxg8 Bxf3+ 31. Kg1 Kc7 32. Bf8 Kb7 33. Nc3 Ka6 34.
Kf2 Bh5 35. Rxc6+ Kb7 36. Bd5 a5 37. Nxb5 Be8 38. Re6+ Kc8 39. Rxe8+ Kd7 40.
Re7+ Kc8 41. Rd1 Kb8 42. Re8# 1-0

[Event "Challenge"]
[Site "http://www.queenalice.com/game.php?id=53170"]
[Date "2006.2.15"]
[Round "-"]
[White "danielz"]
[Black "cachoremaggi"]
[Result "1-0"]
[WhiteElo "1397"]
[BlackElo "1568"]

1. d4 Nf6 2. Nc3 g6 3. e4 d6 4. Nf3 Bg7 5. Bc4 O-O 6. Nd2 e5 7. dxe5 dxe5 8. Bd5
c6 9. Bc4 b5 10. Bb3 a5 11. Nf3 b4 12. Ne2 Nxe4 13. Ba4 Qb6 14. Be3 c5 15. c3
Be6 16. Qd3 Bf5 17. Qd5 Rd8 18. Qxa8 bxc3 19. bxc3 Qb2 20. O-O Qxe2 21. Rab1
Nxc3 22. Rxb8 Rxb8 23. Qxb8+ Bf8 24. Bh6 Qxf1+ 25. Kxf1 Bd3+ 26. Ke1 1-0

[Event "Challenge"]
[Site "http://www.queenalice.com/game.php?id=53245"]
[Date "2006.2.16"]
[Round "-"]
[White "danielz"]
[Black "Happytab"]
[Result "1-0"]
[WhiteElo "1375"]
[BlackElo "1458"]

1. d4 Nc6 2. e4 b6 3. Nf3 g6 4. Nc3 e6 5. Nb5 Ba6 6. Bg5 f6 7. Bh4 g5 8. Bg3 Nh6
9. d5 exd5 10. Qxd5 Qe7 11. Nxc7+ Kd8 12. Nxa6 Rc8 13. Be2 Nb4 14. Nxb4 Qxb4+
15. Qd2 Qxb2 16. Qd1 Bb4+ 17. Kf1 Bc3 18. Ba6 Qxa1 19. Ke2 Qxd1+ 20. Rxd1 Rc4
21. Bxc4 Re8 22. Kd3 Ba5 23. Nd4 Ng4 24. e5 fxe5 25. Nf5 Rf8 26. Nd6 Rxf2 27. h3
Rxg2 28. Nf7+ Ke8 29. Nd6+ Kd8 30. Be1 Nf2+ 31. Ke2 Nxd1+ 32. Kxd1 Kc7 33. Nb5+
Kb7 34. Bd5+ Ka6 35. Nc7# 1-0

[Event "Challenge"]
[Site "http://www.queenalice.com/game.php?id=53246"]
[Date "2006.2.16"]
[Round "-"]
[White "danielz"]
[Black "filhoje"]
[Result "0-1"]
[WhiteElo "1427"]
[BlackElo "1637"]

1. d4 d5 2. g4 e6 3. Nf3 Nf6 4. a4 Nxg4 5. Rg1 f5 6. Bh3 Qd6 7. Nc3 Nxh2 8. Bf4
Qxf4 9. Nb5 Bb4+ 10. c3 Ba5 11. Qd2 Nxf3+ 12. exf3 Qxf3 13. Rxg7 Qxh3 14. Qg5
Qh1+ 15. Ke2 Qe4+ 16. Kd2 Nc6 17. Nxc7+ Bxc7 18. Qf6 Bf4+ 19. Kd1 Qd3+ 20. Ke1
Bd2+ 21. Kd1 Bxc3+ 22. Kc1 Qd2+ 23. Kb1 Qxb2# 0-1

[Event "Challenge"]
[Site "http://www.queenalice.com/game.php?id=53248"]
[Date "2006.2.16"]
[Round "-"]
[White "danielz"]
[Black "webtiger"]
[Result "0-1"]
[WhiteElo "1416"]
[BlackElo "1055"]

1. Nc3 c5 2. Nf3 d6 3. e4 e5 4. Be2 a6 5. Nd5 Nf6 6. Ng5 h6 7. Nh3 Nxe4 8. d3
Nf6 9. Ne3 Nc6 10. d4 cxd4 11. Nc4 Ne4 12. f3 Qh4+ 13. g3 Qxh3 14. Qd3 Qg2 15.
Rf1 f5 16. Ne3 dxe3 17. Bxe3 Qxh2 18. fxe4 Nb4 19. Qc4 d5 20. Qc7 Qxg3+ 21. Rf2
Qxe3 22. Qxe5+ Be7 23. Kf1 Nxc2 24. Bh5+ Kd8 25. Qxd5+ Bd7 26. Rxc2 Qh3+ 27. Ke2
Qxh5+ 28. Kd3 Qf3+ 29. Kd4 Rf8 30. Qxb7 Bf6+ 31. Kc4 Rc8+ 32. Kb4 Rxc2 33. Rd1
Rxb2+ 34. Ka5 Bc3+ 35. Kxa6 Rf6+ 36. Ka7 Qe3+ 37. Kb8 Be5+ 38. Ka8 Qa3+ 39. Qa7
Rb8# 0-1

[Event "Challenge"]
[Site "http://www.queenalice.com/game.php?id=56394"]
[Date "2006.3.9"]
[Round "-"]
[White "cipripereira"]
[Black "danielz"]
[Result "1-0"]
[WhiteElo "1707"]
[BlackElo "1435"]

1. e4 d6 2. d4 Nh6 3. Bxh6 gxh6 4. Nc3 Nc6 5. d5 Ne5 6. f4 Ng6 7. Qd2 e5 8. dxe6
Bxe6 9. f5 Bd7 10. fxg6 hxg6 11. Qd4 Qh4+ 12. g3 c5 13. Qxh8 O-O-O 14. gxh4 d5
15. Nxd5 Bc6 16. O-O-O f5 17. Bh3 g5 18. Bxf5+ Bd7 19. Bxd7+ Kxd7 20. Nf6+ Ke7
21. Ng8+ Ke6 22. Qf6# 1-0